|
|
|
|
| LEADER |
00000cam a22000004a 4500 |
| 001 |
musev2_1399 |
| 003 |
MdBmJHUP |
| 005 |
20230905040218.0 |
| 006 |
m o d |
| 007 |
cr||||||||nn|n |
| 008 |
091027s2010 kyu o 00 0 eng d |
| 010 |
|
|
|z 2009045426
|
| 020 |
|
|
|a 9780813173689
|
| 020 |
|
|
|z 9780813166339
|
| 020 |
|
|
|z 9780813125718
|
| 020 |
|
|
|z 9780813139456
|
| 035 |
|
|
|a (OCoLC)646068676
|
| 040 |
|
|
|a MdBmJHUP
|c MdBmJHUP
|
| 050 |
0 |
4 |
|a HM1271
|b .D37 2010
|
| 082 |
0 |
|
|a 305.8001
|2 22
|
| 100 |
1 |
|
|a Dallmayr, Fred R.
|q (Fred Reinhard),
|d 1928-
|
| 245 |
1 |
0 |
|a Integral Pluralism :
|b Beyond Culture Wars /
|c Fred Dallmayr.
|
| 264 |
|
1 |
|a Lexington, Ky. :
|b University Press of Kentucky,
|c 2010.
|
| 264 |
|
3 |
|a Baltimore, Md. :
|b Project MUSE,
|c 2012
|
| 264 |
|
4 |
|c ©2010.
|
| 300 |
|
|
|a 1 online resource (248 pages).
|
| 336 |
|
|
|a text
|b txt
|2 rdacontent
|
| 337 |
|
|
|a computer
|b c
|2 rdamedia
|
| 338 |
|
|
|a online resource
|b cr
|2 rdacarrier
|
| 504 |
|
|
|a Includes bibliographical references and index.
|
| 505 |
0 |
|
|a Integral pluralism : holism and difference -- The concept of the political : politics between war and peace -- The secular and the sacred : whither political theology? -- Postsecular faith : toward a religion of service -- Religion and the world : the quest for justice and peace -- Hermeneutics and cross-cultural encounters : integral pluralism in action -- A man for all seasons : Mahatma Gandhi's integral pluralism -- Reason and lifeworld : two exemplary Indian thinkers.
|
| 588 |
|
|
|a Description based on print version record.
|
| 650 |
|
0 |
|a Philosophy, Comparative.
|
| 650 |
|
0 |
|a Intercultural communication.
|
| 650 |
|
0 |
|a Cultural pluralism.
|
| 655 |
|
7 |
|a Electronic books.
|2 local
|
| 710 |
2 |
|
|a Project Muse.
|e distributor
|
| 830 |
|
0 |
|a Book collections on Project MUSE.
|
| 856 |
4 |
0 |
|z Texto completo
|u https://projectmuse.uam.elogim.com/book/1399/
|
| 945 |
|
|
|a Project MUSE - Custom Collection
|
| 945 |
|
|
|a Project MUSE - 2010 Global Cultural Studies
|
| 945 |
|
|
|a Project MUSE - 2010 Complete
|